ბათუმის შოთა რუსთაველის სახელმწიფო უნივერსიტეტის ბიბლიოთეკა

მათემატიკა 1: კლასი : (ბიბ.ჩანაწერი № 63130)

000 -ლიდერი
ფიქსირებული სიგრძის საკონტროლო ველი 01936nam a22002537a 4500
003 - საკონტროლო ნომრის იდენტიფიკატორი
საკონტროლო ველი Ge_BSU
005 - ბოლო ოპერაციის თარიღი და დრო
საკონტროლო ველი 20250610100120.0
008 - ფიქსირებული სიგრძის მონაცემთა ელემენტები - ზოგადი ინფორმაცია
ფიქსირებული სიგრძის საკონტროლო ველი 250610s2023 ge ||||| |||| 00| 0 geo d
020 ## - წიგნის საერთაშორისო სტანდარტული ნომერი
International Standard Book Number 9789941316470
041 ## - ენის კოდი
Language code of text/sound track or separate title geo
080 ## - უნივერსალური ათობითი კლასიფიკაციის ინდექსი
Universal Decimal Classification number 51(075.8) მ-15
245 ## - ცნობა სათაურის შესახებ
Title მათემატიკა 1: კლასი :
Remainder of title მოსწავლის წიგნი. ნაწ. 3 /
Statement of responsibility, etc გურამ გოგიშვილი, თეიმურაზ ვეფხვაძე, ია მებონია, ლამარა ქურჩიშვილი; რედაქტორი თეიმურაზ ვეფხვაძე; მხატვარი ნანა მიქაბერიძე; გარეკანის დიზაინერები: გურამ გოგიშვილი, ილია ხელაია.
264 ## - წარმოების, გამოცემის, დისტრიბუციის და სხვა ცნობები
გამოცემის, წარმოების, დისტრიბუციის... ადგილი თბილისი :
გამოცემის, წარმოების, დისტრიბუციის... სახელწოდება ინტელექტი,
გამოცემის, წარმოების, დისტრიბუციის... თარიღი 2023.
300 ## - ფიზიკური აღწერა
Extent 88 გვ.:
Other physical details ოლ.;
Dimensions 28 სმ.
500 ## - ზოგადი შენიშვნა
General note გრიფმინიჭებულია საქართველოს განათლებისა და მეცნიერების სამინისტროს მიერ 2023 წელს
653 ## - INDEX TERM--UNCONTROLLED
Uncontrolled term მათემატიკა
700 ## - ADDED ENTRY--PERSONAL NAME
Personal name გოგიშვილი, გურამ
Relator term ავტორი, გარეკანის დიზაინერი
9 (RLIN) 25340
700 ## - ADDED ENTRY--PERSONAL NAME
Personal name ვეფხვაძე, თეიმურაზ
Relator term ავტორი, რედაქტორი
9 (RLIN) 25341
700 ## - ADDED ENTRY--PERSONAL NAME
Personal name მებონია, ია
Relator term ავტორი
9 (RLIN) 25342
700 ## - ADDED ENTRY--PERSONAL NAME
Personal name ქურჩიშვილი, ლამარა
Relator term ავტორი
9 (RLIN) 25343
700 ## - ADDED ENTRY--PERSONAL NAME
Personal name მიქაბერიძე, ნანა
Relator term მხატვარი
9 (RLIN) 25287
700 ## - ADDED ENTRY--PERSONAL NAME
Personal name ხელაია, ილია
Relator term გარეკანის დიზაინერი
9 (RLIN) 25344
942 ## - ADDED ENTRY ELEMENTS (KOHA)
Source of classification or shelving scheme
Koha item type წიგნი
ეგზემპლარები
ჩამოწერის სტატუსი დაკარგული ეგზემპლარის სტატუსი კლასიფიკაციის წყარო ან თაროზე გაწყობის სქემა დაზიანების სტატუსი არ გაიცემა მუდმივი მდებარეობა (დაცვის ადგილი) ამჟამინდელი ადგილსამყოფელი თაროზე განთავსების ადგილი შეძენის თარიღი ღირებულება, შესყიდვის ნორმალური ფასი სრული შენახვის შიფრი შტრიხკოდი ბოლო ოპერაციის თარიღი ეგზემპლარის მიმდევრობითი ნომერი (კეტერი?) ფასის ძალაში შესვლის თარიღი ეგზემპლარის სახეობა საჯარო შენიშვნა
          ბათუმის შოთა რუსთაველის სახელმწიფო უნივერსიტეტის მთავარი ბიბლიოთეკა ბათუმის შოთა რუსთაველის სახელმწიფო უნივერსიტეტის მთავარი ბიბლიოთეკა წიგნსაცავი 2025-06-10 7.20 51(075.8) მ-15 71776 2025-06-10 71776 2025-06-10 წიგნი 7 ლ. 20 თ.
          ბათუმის შოთა რუსთაველის სახელმწიფო უნივერსიტეტის მთავარი ბიბლიოთეკა ბათუმის შოთა რუსთაველის სახელმწიფო უნივერსიტეტის მთავარი ბიბლიოთეკა წიგნსაცავი 2025-06-10 7.20 51(075.8) მ-15 71777 2025-06-10 71777 2025-06-10 წიგნი 7 ლ. 20 თ.
          ბათუმის შოთა რუსთაველის სახელმწიფო უნივერსიტეტის მთავარი ბიბლიოთეკა ბათუმის შოთა რუსთაველის სახელმწიფო უნივერსიტეტის მთავარი ბიბლიოთეკა წიგნსაცავი 2025-06-10 7.20 51(075.8) მ-15 71778 2025-06-10 71778 2025-06-10 წიგნი 7 ლ. 20 თ.
          ბათუმის შოთა რუსთაველის სახელმწიფო უნივერსიტეტის მთავარი ბიბლიოთეკა ბათუმის შოთა რუსთაველის სახელმწიფო უნივერსიტეტის მთავარი ბიბლიოთეკა წიგნსაცავი 2025-06-10 7.20 51(075.8) მ-15 71779 2025-06-10 71779 2025-06-10 წიგნი 7 ლ. 20 თ.
          ბათუმის შოთა რუსთაველის სახელმწიფო უნივერსიტეტის მთავარი ბიბლიოთეკა ბათუმის შოთა რუსთაველის სახელმწიფო უნივერსიტეტის მთავარი ბიბლიოთეკა წიგნსაცავი 2025-06-10 7.20 51(075.8) მ-15 71780 2025-06-10 71780 2025-06-10 წიგნი 7 ლ. 20 თ.